000 00768nam a2200277Ia 4500
001 7780
005 20240113234034.0
007 ta
008 050712s a g b000 u asm u
020 _cRs. 25.00 (Hard)
040 _aCotton College,Assam
041 _aasm
082 _a891.4109
_bPa 27 Pr
100 _aPathak, Dayananda.
245 0 _aPrachya Aru Paschyata Sahityat Abhumuki /
_cDayananda Pathak.
_hTextual Documents
250 _a1st ed. /
260 _aGuwahati :
_bParbatti Prakash ,
_cnd.
300 _a152p. :
_bill ;
_c22cm .
365 _aRs. 25.00
653 _aAssamese Literature-Criticism
653 _aAssamese Essays
653 _aPG-Assamese
942 _2ddc
_cBK
999 _c7767
_d7767